| 000 | 01880nam a2200553 i 4500 | ||
|---|---|---|---|
| 001 | 3309 | ||
| 003 | KOSZ 005 | ||
| 005 | 20220321093850.0 | ||
| 008 | 970629s1987 pl a |001 0 pol | ||
| 015 | _aUWD 1991/5915 | ||
| 020 | _a8320408237 | ||
| 035 | _a991002049779705066 | ||
| 035 | _a(PL-WaBN)b10571231-48omnis_nlop | ||
| 035 | _ab10571231 | ||
| 035 | _a(OCoLC)830076296 | ||
| 035 | _a(PL)b0000001057123 | ||
| 035 | _a(EXLNZ-48OMNIS_NETWORK)9910178310605606 | ||
| 040 |
_aWA N _cWA N _dKOSZ 005/HR |
||
| 041 | 0 | _apol | |
| 046 | _k1987 | ||
| 080 | _a669.017/.018 | ||
| 080 | _a620.1 | ||
| 080 | _a(075.8) | ||
| 245 | 1 | 0 |
_aMetody badań metali i stopów. _n2, _pMikroskopia świetlna i elektronowa / _cLeszek A. Dobrzański, Eugeniusz Hajduczek. |
| 246 | 1 | 0 | _aMikroskopia świetlna i elektronowa |
| 250 | _aWyd. 2. | ||
| 260 |
_aWarszawa : _bWydawnictwa Naukowo-Techniczne, _c1987. |
||
| 300 |
_a195, [1] s. : _bfot., rys., wykr. ; _c24 cm. |
||
| 336 |
_aTekst _btxt _2rdacontent |
||
| 337 |
_aBez urządzenia pośredniczącego _bn _2rdamedia |
||
| 338 |
_aWolumin _bnc _2rdacarrier |
||
| 380 | _aKsiążki | ||
| 388 | _a1901-2000 | ||
| 388 | _a1945-1989 | ||
| 500 | _aW haśle nazwy aut. t. 1. | ||
| 504 | _aBibliogr. s. 191-192. - Indeks. | ||
| 650 | 7 |
_aMetaloznawstwo _2DBN |
|
| 650 | 7 |
_aMikroskop _2DBN |
|
| 650 | 7 | _aZastosowanie i wykorzystanie | |
| 655 | 7 |
_aPodręczniki akademickie _2DBN |
|
| 658 | _aInżynieria i technika | ||
| 700 | 1 |
_aDobrzański, Leszek Adam _d(1947- ) _eAutor |
|
| 700 | 1 |
_aHajduczek, Eugeniusz _eAutor |
|
| 700 | 1 |
_aNowosielski, Ryszard _eAutor |
|
| 710 | 2 |
_aWydawnictwa Naukowo-Techniczne _4pbl |
|
| 856 |
_uhttp://koha.tu.koszalin.pl/cgi-bin/koha/opac-detail.pl?biblionumber=3309 _yKatalog online BPK |
||
| 942 |
_2UKD _cKS |
||
| 999 |
_c3309 _d3309 |
||